<?xml version="1.0" encoding="UTF-8"?>
<record
    xmlns:xsi="http://www.w3.org/2001/XMLSchema-instance"
    xsi:schemaLocation="http://www.loc.gov/MARC21/slim http://www.loc.gov/standards/marcxml/schema/MARC21slim.xsd"
    xmlns="http://www.loc.gov/MARC21/slim">

  <leader>00475nam a22001457a 4500</leader>
  <controlfield tag="005">20251124161040.0</controlfield>
  <controlfield tag="008">251124b        |||||||| |||| 00| 0 eng d</controlfield>
  <datafield tag="020" ind1=" " ind2=" ">
    <subfield code="a">978-81-8038-889-4</subfield>
  </datafield>
  <datafield tag="100" ind1=" " ind2=" ">
    <subfield code="a">WIDDICOMBE, KAREN</subfield>
  </datafield>
  <datafield tag="245" ind1=" " ind2=" ">
    <subfield code="a">THE ALL ENGLAND LAW REPORTS 2009</subfield>
  </datafield>
  <datafield tag="260" ind1=" " ind2=" ">
    <subfield code="a">LONDON</subfield>
    <subfield code="b">LEXISNEXIS</subfield>
    <subfield code="c">2009</subfield>
  </datafield>
  <datafield tag="300" ind1=" " ind2=" ">
    <subfield code="a">XVII, 1260P.</subfield>
  </datafield>
  <datafield tag="650" ind1=" " ind2=" ">
    <subfield code="a">1.LAW REPORTS, DIGESTS ETC -ENGLAND AND WALES 2. LAW -ENGLAND AND WALES -CASES 3. COURTS -ENGLAND AND WALES</subfield>
  </datafield>
  <datafield tag="942" ind1=" " ind2=" ">
    <subfield code="2">lcc</subfield>
    <subfield code="c">REF</subfield>
  </datafield>
  <datafield tag="999" ind1=" " ind2=" ">
    <subfield code="c">216270</subfield>
    <subfield code="d">216270</subfield>
  </datafield>
  <datafield tag="952" ind1=" " ind2=" ">
    <subfield code="0">0</subfield>
    <subfield code="1">0</subfield>
    <subfield code="2">lcc</subfield>
    <subfield code="4">0</subfield>
    <subfield code="6">KD0288 A45  V.00004 02009</subfield>
    <subfield code="7">0</subfield>
    <subfield code="8">LAW</subfield>
    <subfield code="9">373627</subfield>
    <subfield code="a">KSUL</subfield>
    <subfield code="b">KSUL</subfield>
    <subfield code="c">DISPLAY</subfield>
    <subfield code="d">2025-11-24</subfield>
    <subfield code="i">110067</subfield>
    <subfield code="l">0</subfield>
    <subfield code="o">KD 288 .A45 V.4 2009</subfield>
    <subfield code="p">000000002087</subfield>
    <subfield code="r">2025-11-24 16:13:26</subfield>
    <subfield code="t">C.1</subfield>
    <subfield code="w">2025-11-24</subfield>
    <subfield code="y">REF</subfield>
  </datafield>
  <datafield tag="952" ind1=" " ind2=" ">
    <subfield code="0">0</subfield>
    <subfield code="1">0</subfield>
    <subfield code="2">lcc</subfield>
    <subfield code="4">0</subfield>
    <subfield code="6">KD0288 A45  V.00004 02009</subfield>
    <subfield code="7">0</subfield>
    <subfield code="8">LAW</subfield>
    <subfield code="9">373628</subfield>
    <subfield code="a">KSUL</subfield>
    <subfield code="b">KSUL</subfield>
    <subfield code="c">DISPLAY</subfield>
    <subfield code="d">2025-11-24</subfield>
    <subfield code="i">110068</subfield>
    <subfield code="l">0</subfield>
    <subfield code="o">KD 288 .A45 V.4 2009</subfield>
    <subfield code="p">000000002088</subfield>
    <subfield code="r">2025-11-24 16:13:00</subfield>
    <subfield code="t">C.2</subfield>
    <subfield code="w">2025-11-24</subfield>
    <subfield code="y">REF</subfield>
  </datafield>
  <datafield tag="952" ind1=" " ind2=" ">
    <subfield code="0">0</subfield>
    <subfield code="1">0</subfield>
    <subfield code="2">lcc</subfield>
    <subfield code="4">0</subfield>
    <subfield code="6">KD0288 A45  V.00004 02009</subfield>
    <subfield code="7">0</subfield>
    <subfield code="8">LAW</subfield>
    <subfield code="9">373629</subfield>
    <subfield code="a">KSUL</subfield>
    <subfield code="b">KSUL</subfield>
    <subfield code="c">DISPLAY</subfield>
    <subfield code="d">2025-11-24</subfield>
    <subfield code="i">110069</subfield>
    <subfield code="l">0</subfield>
    <subfield code="o">KD 288 .A45 V.4 2009</subfield>
    <subfield code="p">000000002089</subfield>
    <subfield code="r">2025-11-24 16:13:00</subfield>
    <subfield code="t">C.3</subfield>
    <subfield code="w">2025-11-24</subfield>
    <subfield code="y">REF</subfield>
  </datafield>
  <datafield tag="952" ind1=" " ind2=" ">
    <subfield code="0">0</subfield>
    <subfield code="1">0</subfield>
    <subfield code="2">lcc</subfield>
    <subfield code="4">0</subfield>
    <subfield code="6">KD0288 A45  V.00004 02009</subfield>
    <subfield code="7">0</subfield>
    <subfield code="8">LAW</subfield>
    <subfield code="9">373630</subfield>
    <subfield code="a">KSUL</subfield>
    <subfield code="b">KSUL</subfield>
    <subfield code="c">DISPLAY</subfield>
    <subfield code="d">2025-11-24</subfield>
    <subfield code="i">110070</subfield>
    <subfield code="l">0</subfield>
    <subfield code="o">KD 288 .A45 V.4 2009</subfield>
    <subfield code="p">000000002090</subfield>
    <subfield code="r">2025-11-24 16:13:00</subfield>
    <subfield code="t">C.4</subfield>
    <subfield code="w">2025-11-24</subfield>
    <subfield code="y">REF</subfield>
  </datafield>
</record>
